Výber z tvorby literárne, hudobné a výtvarné diela 3. časť

Bibliographic Details
Main Author: Slovenský, Ján (Author)
Format: Book
Language:Slovak
PhysicalDescription:73 strán ilustrácie, noty 25 cm
Published: [Prešov] [Ján Slovenský] 2022
Edition:Prvé vydanie
Subjects:

MARC

LEADER 00000cam a2200000 4500
001 vtls012148503
003 SK-MaSNL
005 20260302062627.0
008 220912s2022 xo ag gr 000 m slo
015 |a SNBA2022/11 
020 |q (brožované) 
040 |a SNK  |b slo  |c SNK  |e rda 
041 0 |a slo 
044 |a xo  |c SK 
072 7 |a 821-1/-8  |x Literatúra rôznych foriem a žánrov  |2 konspekt 
080 |a 821.162.4-1  |2 2011 
080 |a 821.162.4-32  |2 2011 
080 |a 72/76.05  |2 2011 
080 |a (0:82-14)  |2 2001 
080 |a (082)  |2 2011 
100 1 |a Slovenský, Ján  |4 aut  |9 331265 
245 1 0 |a Výber z tvorby  |b literárne, hudobné a výtvarné diela  |n 3. časť  |c Ján Slovenský 
246 3 4 |a Poetika duše 
250 |a Prvé vydanie 
264 1 |a [Prešov]  |b [Ján Slovenský]  |c 2022 
300 |a 73 strán  |b ilustrácie, noty  |c 25 cm 
336 |a text  |b txt  |2 rdacontent 
337 |a bez média  |b n  |2 rdamedia 
338 |a zväzok  |b nc  |2 rdacarrier 
500 |a Predpokladaný vydavateľ 
655 7 |a slovenská poézia  |2 SNKPH  |9 70444 
655 7 |a slovenské príbehy  |2 SNKPH  |9 70494 
655 7 |a Slovak poetry  |2 SNKPHeng  |9 265010 
655 7 |a Slovak stories  |2 SNKPHeng  |9 277112 
655 7 |a zborníky  |2 SNKPH  |9 70165 
655 7 |a Miscellanea  |2 SNKPHeng  |9 265155 
655 7 |a umelecké diela  |2 SNKPH  |9 331266 
655 7 |a piesne  |2 SNKPH  |9 70745 
655 7 |a Art works  |2 SNKPHeng  |9 331267 
655 7 |a Songs  |2 SNKPHeng  |9 303162 
852 |a Slovenská národná knižnica 
954 |a beletria pôvodná (slovenská)  |2 lita 
958 |a LX 
999 |c 1129986  |d 1131916 
952 |a SNK  |b SNK  |y PREZ  |7 0  |p 17A1493866  |o snkSC 189389/3  |i snk2022/13819  |8 0  |0 0  |1 0  |4 0  |d 2022-09-12  |f 1  |l 0  |r 2025-10-06 00:00:00  |w 2026-02-24 
952 |a SNK  |b SNK  |y PREZ  |7 0  |p 17A1493867  |o snkSC 189389/3 D1  |i snk2022/13820  |8 0  |0 0  |1 0  |4 0  |d 2022-09-12  |l 0  |r 2026-02-24 18:59:01  |w 2026-02-24